[Náhrobný pomník Jána Hollého na Dobrej Vode]

Zobrazenie: Náhrobný pomník Jána Hollého na cintoríne na Dobrej Vode. Pomník je dielom sochára Ladislava Júliusa Dunajského (1854).

Bibliographic Details
Other Authors: Dunajský, Ladislav Július, 1822-1904 (Sculptor)
Format: Photo
Language:Slovak
PhysicalDescription:1 fotografia čb 17 x 12 cm
Published: [S.l. s.n. s.a.]
Subjects:

MARC

LEADER 00000nkmaa2200000 a 4500
001 vtls011718182
003 SK-MaSNL
005 20260301222254.0
007 kh bo
008 230802n xo | |||0 k|slo
035 |a 99A07FAA-FEEA-4286-8B04-FD962D06F3FF 
035 |a urn:nbn:sk:snk-km43iqi 
035 |a urn:nbn:sk:snk-km00e51h 
040 |a SNKLA  |b slo  |c SNKLA  |e AACR2 
041 0 |a slo 
044 |a xo  |c SK 
245 0 0 |a [Náhrobný pomník Jána Hollého na Dobrej Vode]  |h grafika 
260 |a [S.l.  |b s.n.  |c s.a.] 
300 |a 1 fotografia  |b čb  |c 17 x 12 cm 
520 2 |a Zobrazenie: Náhrobný pomník Jána Hollého na cintoríne na Dobrej Vode. Pomník je dielom sochára Ladislava Júliusa Dunajského (1854). 
600 1 7 |a Hollý, Ján,  |d 1785-1849  |2 SNKMA  |9 16461 
650 0 7 |a náhrobné kamene  |2 SNKPH  |9 50274 
651 7 |a Dobrá Voda (Slovensko)  |2 SNKPH  |9 100197 
655 7 |a fotografie  |2 SNKPH  |9 70713 
700 1 |a Dunajský, Ladislav Július,  |d 1822-1904  |4 scl  |9 146609 
852 7 |a Slovenská národná knižnica v Martine  |b Literárny archív 
958 |a ZO 
958 |a BLA 
999 |c 939273  |d 941203 
952 |a SNKLA  |b SNKLA  |c SNKLA_DEP  |y NEVYP  |7 0  |p 17A1226705  |o snkK 2/42  |i snkLA 1075/1968  |0 0  |1 0  |4 0  |d 2017-10-31  |f 1  |l 0  |r 2026-02-24 09:13:54  |w 2026-02-24